1684 1705 1639 1466 1138 1013 1866 1361 1430 1109 1803 1466 1028 1555 1047 1805 1714 1308 1719 1096 1557 1794 1003 1322 1620 1769 1401 1804 1238 1041 1263 1017 1356 1329 1099 1933 1536 1080 1882 1974 1833 1925 1978 1663 1086 1502 1551 1327 1845 1984 1081 1601 1642 1157 1082 1024 1874 1148 1677 1067 1515 1112 1088 1975 1095 1878 1874 1795 1159 1038 1084 1157 1012 1810 1116 1452 1447 1698 1004 1469 1630 1277 1827 1018 1025 1228 1120 1068 1692 1822 1756 1439 1839 1738 1809 1944 1555 1942 1292 BCNSPRNW ULIB Ver.6.0+V

เปลี่ยนเป็นภาษาไทย

Change to English
 แสดงรายละเอียดบรรณานุกรม
  กลับหน้าหลัก

Brief Record : Get Marc (ISO 2709) : E-mail record : QR code < ปิดหน้าต่าง
LEADER : 00000nam 2200000uu 4500
001    13399122065
003     ULIB
008    121224s2554||||th 000 0 tha d
020    ^a9789749781678
060  4 ^aQT255^bพ274ห
100 0  ^aพรรัชนี วีระพงศ์
245 10 ^aหลักพื้นฐานการออกกำลังกายเพื่อการบำบัด /^cพรรัชนี วีระพงศ์
250    ^aพิมพ์ครั้งที่ 1
260    ^aสมุทรปราการ :^bโครงการสำนักพิมพ์มหาวิทยาลัยหัวเฉียวเฉลิมพระเกียรติ,^c2554
300    ^a1 เล่ม (หน้าไม่เรียงลำดับ) :^bภาพประกอบ
505 0  ^aแบบจำลอ่งที่เกียวข้องกับการออกกำลังกาย - - ระบบพื้นฐานที่ใช้ในการเคลื่อนไหว - - ระบบควบคุมการเคลื่อนไหว - - ชีวกลศาสตร์ที่เกี่ยวข้องกับการเคลื่อนไหว - - ระบบที่ช่วยสนับสนุนให้เกิดการเคลื่อนไหว - - หลักการให้โปรแกรมการออกกำลังกายเบื้องต้น - - กระบวนการซ่อมแซมตนเองของเนื้อเยื่อ - - การออกกำลังกายเพื่อเพิ่มความยืดหยุ่น - - การออกกำลังกายเพื่อเพิ่มความแข็งแรงและความทนทานของกล้ามเนื้อ - - การออกกำลังกายเพื่อเพิ่มความทนทานของระบบหัวใจและระบบหายใจ - - แบบจำลองที่เกี่ยวข้องกับการออกกำลังกาย - - ระบบพื้นฐานที่ใช้ในการเคลื่อนไหว
650  7 ^aการออกกำลังกาย
856    ^zหลักพื้นฐานการออกกำลังกายเพื่อการบำบัด.pdf (Content)^uhttp://ulibm.bcnsprnw.ac.th/ULIB6//_fulltext/5/13399122065/20121224140218_2202.pdf
945    ^p200^l0^i033321
945    ^p200^l0^i033322
945    ^p200^l0^i033323
995    เกษร
999    ^aใช้งานได้ทุกระบบ
รายการนี้ยังไม่มีแท็ก
คุณยังไม่ได้ล็อกอิน คุณสามารถมีกิจกรรมร่วมกับเว็บไซต์ได้ แต่ต้องล็อกอินก่อน ::
  ล็อกอิน

รายการสื่อสารสนเทศ

ลำดับที่ ประเภท เลขเรียก/บาร์โค้ด สถานที่ สถานะ
1. วิทยาศาสตร์การแพทย์ และสุขภาพ
หนังสือสำรอง
สถานะ=หนังสือสำรอง
QT255 พ274ห ฉ.1 
  Barcode: 033321
ห้องสมุดวิทยาเขตสวรรค์ประชารักษ์
►ส่วนจัดเก็บหนังสือเก่า สปร
บนชั้น
  ขอยืม
2. วิทยาศาสตร์การแพทย์ และสุขภาพ
วิทยาศาสตร์การแพทย์ และสุขภาพ
QT255 พ274ห ฉ.2 
  Barcode: 033322
ห้องสมุดวิทยาเขตสวรรค์ประชารักษ์
►ส่วนจัดเก็บหนังสือเก่า สปร
บนชั้น
  ขอยืม
3. วิทยาศาสตร์การแพทย์ และสุขภาพ
วิทยาศาสตร์การแพทย์ และสุขภาพ
QT255 พ274ห ฉ.3 
  Barcode: 033323
ห้องสมุดวิทยาเขตสวรรค์ประชารักษ์
►หนังสือทั่วไป
บนชั้น

รายการใกล้เคียง
    ผู้แต่ง [พรรัชนี วีระพงศ์]

    หัวเรื่อง [การออกกำลังกาย]

BibComment


ยังไม่เคยถูกคอมเมนท์

คอมเมนท์ทรัพยากรรายการนี้
  คอมเมนท์: หลักพื้นฐานการออ..


 Copyright 2026. Bcnsprnw @Library